000 00742cam a22002533a 4500
001 23080
003 PGUSA
005 20140828083506.0
008 071001s2007||||xxu|||||s|||||000 | eng d
040 _aPGUSA
_beng
042 _adc
050 4 _aPS
100 1 _aBierce, Ambrose,
_d1842-1913
245 1 4 _aThe Devil's Dictionary
_h[electronic resource] /
_cAmbrose Bierce
260 _bProject Gutenberg,
_c2007
506 _aPublic domain in the USA.
516 _aElectronic text
653 _aVocabulary -- Humor
653 _aEnglish language -- Dictionaries -- Humor
653 _aEnglish language -- Semantics -- Humor
830 0 _aProject Gutenberg
_v23080
856 4 0 _uhttp://www.gutenberg.org/ebooks/23080
942 _cEB
999 _c252335
_d252335